1185 1052 1670 1587 1006 1073 1199 1815 1919 1883 1661 1950 1782 1036 1151 1744 1094 1836 1798 1138 1057 1835 1870 1507 1868 1397 1076 1613 1173 1135 1415 1662 1676 1273 1921 1278 1624 1234 1762 1282 1130 1158 1026 1065 1419 1524 1080 1344 1683 1229 1028 1581 1619 1146 1557 1009 1108 1896 1940 1334 1161 1193 1044 1997 1154 1331 1733 1836 1728 1733 1411 1974 1911 1655 1829 1208 1848 1230 1939 1620 1452 1275 1863 1537 1092 1875 1011 1024 1716 1773 1669 1534 1382 1409 1992 1413 1979 1629 1800 BCNSPRNW ULIB Ver.6.0+V

เปลี่ยนเป็นภาษาไทย

Change to English
 แสดงรายละเอียดบรรณานุกรม
  กลับหน้าหลัก

Brief Record : Get Marc (ISO 2709) : E-mail record : QR code < ปิดหน้าต่าง
LEADER : 00000nam 2200000uu 4500
001    13399121019
003     ULIB
008    121030s2550||||th 000 0 tha d
020    ^a9789749435052
050  4 ^aHQ743^bอ426ค
100 1  ^aเบค-เกอร์นส์เฮม, อลิซาเบธ
245 10 ^aครอบครัวในความหมายใหม่ :^bการค้นหาวิถีชีวิตแบบใหม่ =^bReinventing the family : in search of new lifestyles /^cอลิซาเบธ เบค-เกอร์นส์เฮม เขียน ; วารุณี ภูริสินสิทธิ์ แปล
246 31 ^aReinventing the family :^bin search of new lifestyles
250    ^aพิมพ์ครั้งที่ 1
260    ^aกรุงเทพฯ :^bโครงการจัดพิมพ์คบไฟ,^c2550
300    ^a235 หน้า :^bภาพประกอบ ;^c21 ซม.
500    ^aฉบับแปลจากภาษาเยอรมันโดย แพทริค คามิลเลอร์
650  0 ^aครอบครัว^xแง่สังคม
650  0 ^aรูปแบบการดำเนินชีวิต
700 0  ^aวารุณี ภูริสินสิทธิ์,^eผู้แปล
700 1  ^aBerk-Gernsheim, Elisabeth
945    ^p195^l0^i14136
995    ^aทศพร
999    ^aทศพร เกษรทอง
รายการนี้ยังไม่มีแท็ก
คุณยังไม่ได้ล็อกอิน คุณสามารถมีกิจกรรมร่วมกับเว็บไซต์ได้ แต่ต้องล็อกอินก่อน ::
  ล็อกอิน

รายการสื่อสารสนเทศ

ลำดับที่ ประเภท เลขเรียก/บาร์โค้ด สถานที่ สถานะ
1. วิทยาศาสตร์การแพทย์ และสุขภาพ
วิทยาศาสตร์การแพทย์ และสุขภาพ
HQ743 อ426ค ฉ.1 
  Barcode: 14136
ห้องสมุดวิทยาเขตสวรรค์ประชารักษ์
►หนังสือทั่วไป
บนชั้น

รายการใกล้เคียง
    ผู้แต่ง [เบค-เกอร์นส์เฮม, อลิซาเบธ]

    หัวเรื่อง [รูปแบบการดำเนินชีวิต]

BibComment


ยังไม่เคยถูกคอมเมนท์

คอมเมนท์ทรัพยากรรายการนี้
  คอมเมนท์: ครอบครัวในความหม..


 Copyright 2026. Bcnsprnw @Library